Top 50 Countries Best Footballer - Statistics

General Stats
  • This quiz has been taken 1,248 times
  • The average score is 31 of 50
Answer Stats
No. Nationality Positon Club Player % Correct
2 Argentina Forward Barcelona Lionel Messi
99%
4 Brazil Forward Barcelona Neymar
96%
16 Portugal Forward Real Madrid Cristiano Ronaldo
94%
3 Netherlands Winger Bayern Munich Arjen Robben
92%
5 Colombia Attacking Midfielder Real Madrid James Rodriguez
91%
11 Uruguay Forward Barcelona Luis Suarez
91%
1 Germany Attacking Midfielder Arsenal Mesut Özil
90%
10 Belgium Winger Chelsea Eden Hazard
89%
8 Spain Centre Midfielder Barcelona Andres Iniesta
88%
9 England Forward Manchester United Wayne Rooney
88%
7 France Winger Bayern Munich Franck Ribery
87%
15 Croatia Centre Midfielder Real Madrid Luka Modric
87%
18 Sweden Forward PSG Zlatan Ibrahimovic
86%
33 Wales Winger Real Madrid Gareth Bale
82%
24 Czech Republic Goalkeeper Chelsea Petr Cech
82%
27 Poland Forward Bayern Munich Robert Lewandowski
82%
6 Italy Centre Midfielder Juventus Andrea Pirlo
81%
13 Chile Centre Midfielder Juventus Arturo Vidal
80%
22 Ivory Coast Centre Midfielder Manchester City Yaya Toure
80%
19 Austria Fullback Bayern Munich David Alaba
79%
21 Bosnia-Herzegovina Forward Manchester City Edin Dzeko
79%
23 Denmark Attacking Midfielder Tottenham Hotspurs Christian Eriksen
76%
30 Mexico Forward Manchester United Javier Hernandez
72%
12 Switzerland Winger Bayern Munich Xherdan Shaqiri
69%
31 Ecuador Winger Manchester United Antonio Valencia
67%
26 Turkey Winger Atletico Madrid Arda Turan
64%
47 South Korea Winger Bayer Leverkusen Son Heung-Min
61%
37 Slovakia Attacking Midfielder Napoli Marek Hamšík
57%
42 Slovenia Goalkeeper Inter Milan Samir Handanovic
55%
44 Japan Attacking Midfielder Manchester United Shinji Kagawa
55%
20 Greece Centre Half Borussia Dortmund Sokratis Papastathopoulos
54%
28 Nigeria Centre Midfielder Chelsea John Obi Mikel
50%
14 Russia Goalkeeper CSKA Moscow Igor Akinfeev
49%
29 USA Forward Seattle Sounders Clint Dempsey
47%
43 Armenia Attacking Midfielder Borussia Dortmund Henrikh Mkhitaryan
46%
49 Iceland Attacking Midfielder Swansea City Gylfi Sigurðsson
42%
25 Serbia Centre Half Inter Milan Nemanja Vidic
42%
36 Ghana Centre Midfielder AC Milan Michael Essien
41%
45 Montenegro Forward Manchester City Stevan Jovetic
39%
34 Scotland Centre Midfielder Manchester United Darren Fletcher
35%
48 Northern Ireland Centre Half Manchester United Johnny Evans
35%
41 Costa Rica Forward Arsenal Joel Campbell
32%
50 Australia Goalkeeper Chelsea Mark Schwarzer
26%
17 Ukraine Winger Dynamo Kiev Andriy Yarmolenko
25%
32 Algeria Winger Valencia CF Sofiane Feghouli
24%
35 Republic of Ireland Winger Everton Aiden McGeady
21%
46 Norway Fullback Fulham John Arne Riise
21%
40 Venezuela Forward Zenit St Petersburg Salomon Rondon
21%
38 Paraguay Forward SL Benfica Óscar Cardozo
19%
39 Romania Forward Petrolul Ploiesti Adrian Mutu
10%
No matching quizzes found
Score Distribution
Percent of People with Each Score
Percentile by Number Answered
Your Score History
You have not taken this quiz